Datum a čas kvízu

21.5 Celkem bodů Celkový počet nahraných bodů na tomto kvízu bez doplňovacích otázek.
2. Pořadí na kvízu Konečné umístění týmu na tomto kvízu.

Zaznamenané odpovědi

# Otázka Odpověď Body Výsledky
1. V pondělí vstoupila v Česku do... zkušební komisaři (v autoškolách) 0
2. Jedna z evropských zemí si min... ve Švédsku 0
3. V pražském Žižkově přibylo sed... Prdlavky 1
4. Premiér v demisi Andrej Babiš... horu Říp 0
5. Prohrávat 0:2, dostat červenou... Slovácko 1
6. Vítězné téma facebookového hla... Dařbuján a Pandrhola 0
7. Další otázka se bude týkat zná... Hannibal Lecter 1
8. V roce 2000 se režisér F. A. B... 1C 2B 3A 4D 0
9. „Jedno vám teda povim bejt idi... Forrest Gump 0
10. Podle knih Stephena Kinga byly... 1B 2C 3A 4D 0